[Event "Championnat de France des Jeunes - Cadet"]
[Site "Aix les Bains"]
[Date "2009.04.23"]
[Round "6.8"]
[White "Mahiouz, Oualid"]
[Black "Lallement, Victor"]
[Result "0-1"]
[WhiteElo "1989"]
[BlackElo "2116"]
[PlyCount "82"]

1. e4 c5 2. Nc3 a6 3. f4 b5 4. d3 Bb7 5. Nf3 e6 6. g3 Nf6 7. Bg2 Be7 8. O-O O-O
9. Ng5 b4 10. Nb1 d5 11. e5 Nfd7 12. Nh3 Nc6 13. Be3 Re8 14. c3 Qb6 15. c4 dxc4
16. dxc4 Nd4 17. Nd2 Bxg2 18. Kxg2 Rad8 19. Bxd4 cxd4 20. Qf3 Nc5 21. b3 Qb7
22. Qxb7 Nxb7 23. Ne4 d3 24. Rad1 Rd4 25. Kf3 f5 26. exf6 gxf6 27. Rd2 f5 28.
Nef2 Nc5 29. Rfd1 Red8 30. Ke3 Bf6 31. Nxd3 Ne4 32. Rc2 Nc5 33. Rdd2 Ne4 34.
Rd1 R4d7 35. Ng5 Bd4+ 36. Kf3 Ba7 37. Nxe4 Rxd3+ 38. Rxd3 Rxd3+ 39. Ke2 fxe4
40. c5 Rc3 41. Kd2 Bxc5 0-1

[Event "Championnat de France des Jeunes - Cadet"]
[Site "Aix les Bains"]
[Date "2009.04.23"]
[Round "6.9"]
[White "Tachikart, Yassin"]
[Black "Millon, Valentin"]
[Result "0-1"]
[WhiteElo "2107"]
[BlackElo "2062"]
[PlyCount "174"]

1. d4 Nf6 2. c4 e6 3. Nc3 Bb4 4. Qc2 O-O 5. a3 Bxc3+ 6. Qxc3 Ne4 7. Qc2 f5 8.
Nh3 d6 9. f3 Nf6 10. e3 e5 11. dxe5 dxe5 12. Be2 a5 13. O-O c5 14. b3 Nc6 15.
Nf2 Qe7 16. Bb2 Be6 17. f4 exf4 18. exf4 Rad8 19. Bd3 Nd4 20. Bxd4 Rxd4 21.
Bxf5 Bxf5 22. Qxf5 Nd5 23. Qe5 Qxe5 24. fxe5 Ne3 25. Rfc1 Rd2 26. Rc3 Rfxf2 27.
Rxe3 Rxg2+ 28. Kh1 Rxh2+ 29. Kg1 Rdg2+ 30. Kf1 Rb2 31. Kg1 Rhe2 32. Rxe2 Rxe2
33. Rb1 Rxe5 34. b4 cxb4 35. axb4 axb4 36. Rxb4 Rc5 37. Kg2 Rc7 38. Kg3 Kf7 39.
Rb6 g6 40. c5 Kg7 41. Kg4 Rxc5 42. Rxb7+ Kh6 43. Rb4 Rg5+ 44. Kh4 Rg1 45. Rb6
Re1 46. Kg3 Kh5 47. Rb3 g5 48. Ra3 Rg1+ 49. Kh2 Rg4 50. Kh3 Rf4 51. Kg3 Rf5 52.
Ra4 Re5 53. Ra3 Kg6 54. Ra6+ Kh5 55. Ra3 h6 56. Rb3 Rf5 57. Rb4 Kg6 58. Ra4 h5
59. Ra6+ Rf6 60. Ra8 h4+ 61. Kg4 Rf4+ 62. Kh3 Rf3+ 63. Kg2 Rd3 64. Ra4 Kh5 65.
Ra2 h3+ 66. Kh2 Kh4 67. Ra8 Rd2+ 68. Kg1 g4 69. Ra4 Rg2+ 70. Kh1 Rf2 71. Kg1
Re2 72. Rb4 Kg3 73. Rb1 Rf2 74. Ra1 Rf3 75. Rb1 Kh4 76. Rb4 Re3 77. Ra4 Kg3 78.
Ra1 Kf4 79. Ra8 Kf3 80. Rf8+ Ke2 81. Kh2 Rf3 82. Ra8 Rf2+ 83. Kg1 g3 84. Ra1
Kf3 85. Ra3+ Kg4 86. Ra1 h2+ 87. Kh1 Kh3 0-1

[Event "Championnat de France des Jeunes - Cadet"]
[Site "Aix les Bains"]
[Date "2009.04.23"]
[Round "6.10"]
[White "Burille, Matthieu"]
[Black "Baudson, Charles"]
[Result "1-0"]
[WhiteElo "1772"]
[BlackElo "2103"]
[PlyCount "113"]

1. e4 e6 2. d4 d5 3. Nc3 Nf6 4. e5 Nfd7 5. f4 c5 6. Nf3 Nc6 7. Be3 Qb6 8. Na4
Qa5+ 9. c3 c4 10. b4 Qc7 11. g4 b5 12. Nc5 Nxc5 13. bxc5 a5 14. a3 Rb8 15. Bd2
b4 16. axb4 axb4 17. cxb4 Nxb4 18. Bxb4 Rxb4 19. Bh3 Be7 20. O-O O-O 21. f5 Rb3
22. Qd2 f6 23. Bg2 fxe5 24. Nxe5 Bxc5 25. fxe6 Qxe5 26. dxc5 Rxf1+ 27. Rxf1 Rd3
28. Qa5 h5 29. Qd8+ Kh7 30. e7 Re3 31. Qxc8 Qxe7 32. Qf5+ g6 33. Qf7+ Qxf7 34.
Rxf7+ Kh6 35. Rf3 Re6 36. Rc3 hxg4 37. Bxd5 Re5 38. Rxc4 Rxd5 39. c6 Rd8 40. c7
Rc8 41. Kg2 Kg5 42. Kg3 Kf5 43. Rc3 g5 44. Rc2 Kg6 45. Kxg4 Kh6 46. Rc6+ Kh7
47. Kxg5 Kg7 48. h4 Kf7 49. h5 Kg8 50. Kg6 Kf8 51. h6 Kg8 52. Kf6 Kh7 53. Ke7
Ra8 54. Kd7 Rf8 55. c8=Q Rf7+ 56. Kd6 Rf6+ 57. Qe6 1-0

[Event "Championnat de France des Jeunes - Cadet"]
[Site "Aix les Bains"]
[Date "2009.04.23"]
[Round "6.11"]
[White "Castro, John"]
[Black "Banuls, Adrien"]
[Result "0-1"]
[WhiteElo "2085"]
[BlackElo "1902"]
[PlyCount "52"]

1. e4 c5 2. Nf3 e6 3. d4 cxd4 4. Nxd4 Nf6 5. Nc3 d6 6. Bg5 h6 7. Be3 a6 8. f4
Qc7 9. Be2 b5 10. a3 Bb7 11. Bf3 Nbd7 12. O-O g5 13. fxg5 hxg5 14. Bg4 d5 15.
h3 Bc5 16. Kh1 Qg3 17. Bf3 Rxh3+ 18. gxh3 Qxh3+ 19. Kg1 Qg3+ 20. Kh1 O-O-O 21.
Bg1 Rh8+ 22. Bh5 Rxh5+ 23. Qxh5 Nxh5 24. Bh2 Qh4 25. Nf3 Qh3 26. Ne2 dxe4 0-1

[Event "Championnat de France des Jeunes - Cadet"]
[Site "Aix les Bains"]
[Date "2009.04.23"]
[Round "6.12"]
[White "Feryn, Alexandre"]
[Black "Delivre, Raphael"]
[Result "1/2-1/2"]
[WhiteElo "1989"]
[BlackElo "2067"]
[PlyCount "80"]

1. e4 c5 2. Nf3 Nc6 3. Bb5 e6 4. Bxc6 bxc6 5. d3 Ne7 6. h4 d6 7. h5 e5 8. Nbd2
h6 9. Nc4 Be6 10. Bd2 Qd7 11. Ne3 g5 12. hxg6 fxg6 13. Nh2 Bg7 14. Qf3 O-O-O
15. b4 d5 16. bxc5 Rhf8 17. Qe2 Kb7 18. Nf3 g5 19. Ba5 Rb8 20. c4 Ka8 21. cxd5
cxd5 22. O-O d4 23. Nc4 Ng6 24. Rfb1 Bg4 25. Rxb8+ Rxb8 26. Qc2 Bxf3 27. gxf3
Nf4 28. Rb1 Rxb1+ 29. Qxb1 Qh3 30. Qf1 Qxf3 31. c6 Qg4+ 32. Kh2 Qh4+ 33. Kg1
Nh3+ 34. Kg2 Nf4+ 35. Kg1 Qg4+ 36. Kh2 Qh5+ 37. Kg1 Ne2+ 38. Kg2 Qg4+ 39. Kh1
Qg3 40. Qg2 Qh4+ 1/2-1/2

[Event "Championnat de France des Jeunes - Cadet"]
[Site "Aix les Bains"]
[Date "2009.04.23"]
[Round "6.13"]
[White "Hutois, Mickael"]
[Black "Peynichon, Jean-Charles"]
[Result "1-0"]
[WhiteElo "2021"]
[BlackElo "1843"]
[PlyCount "93"]

1. e4 e6 2. d4 d5 3. Nc3 Nf6 4. Bg5 Bb4 5. e5 h6 6. Be3 Ne4 7. Qg4 g6 8. a3
Bxc3+ 9. bxc3 c5 10. Bd3 h5 11. Qf4 g5 12. Qf3 Nxc3 13. dxc5 d4 14. Bd2 Bd7 15.
Qg3 Bc6 16. Bxg5 h4 17. Qg4 Qa5 18. Kf1 Nd7 19. Qxd4 h3 20. Nxh3 Rxh3 21. gxh3
Bxh1 22. Bd2 O-O-O 23. Bxc3 Nxc5 24. Bxa5 Rxd4 25. Ke2 Bc6 26. Rg1 Rh4 27. Rg3
Nxd3 28. cxd3 Kd7 29. Bd2 Bd5 30. Bg5 Rh7 31. h4 Kc6 32. Bf6 Kb5 33. Rg4 Rh5
34. Rf4 a6 35. Bg5 Rh7 36. Kd2 Rg7 37. Kc3 Rh7 38. Kb2 Kc6 39. Bf6 Rh5 40. Kc3
Kb5 41. a4+ Kc5 42. d4+ Kc6 43. Kb4 Kd7 44. a5 Bc6 45. Kc5 Bd5 46. Kb6 Bc6 47.
Rg4 1-0

[Event "Championnat de France des Jeunes - Cadet"]
[Site "Aix les Bains"]
[Date "2009.04.23"]
[Round "6.14"]
[White "Nari, Damien"]
[Black "Muratet, Lucas"]
[Result "1-0"]
[WhiteElo "1852"]
[BlackElo "1994"]
[PlyCount "60"]

1. e4 c5 2. Ne2 e6 3. g3 Nc6 4. Bg2 g6 5. c3 Bg7 6. O-O Nge7 7. d4 cxd4 8. cxd4
d5 9. exd5 exd5 10. Nbc3 Bg4 11. f3 Be6 12. Be3 Nf5 13. Bf2 Qf6 14. Qa4 O-O 15.
Rad1 h5 16. g4 Nh4 17. Bxh4 Qxh4 18. gxh5 Qxh5 19. f4 Bh3 20. Ng3 Qh8 21. Bxh3
Qxh3 22. f5 Qh4 23. Nge2 Bh6 24. Qb3 Rad8 25. Kh1 Rfe8 26. fxg6 fxg6 27. Qxb7
Rxe2 28. Qf7+ Kh8 29. Nxe2 Rf8 30. Qxg6 Bf4 1-0

[Event "Championnat de France des Jeunes - Cadet"]
[Site "Aix les Bains"]
[Date "2009.04.23"]
[Round "6.15"]
[White "Masset, Jacques"]
[Black "Lechelle, William"]
[Result "1-0"]
[WhiteElo "1847"]
[BlackElo "1991"]
[PlyCount "77"]

1. Nf3 Nf6 2. c4 g6 3. Nc3 d5 4. d4 Bg7 5. Bg5 Ne4 6. Bh4 Nxc3 7. bxc3 c5 8. e3
O-O 9. cxd5 cxd4 10. cxd4 h6 11. Bc4 b5 12. Bb3 a5 13. a3 Bb7 14. e4 g5 15. Bg3
f5 16. Be5 fxe4 17. d6+ Kh8 18. Nxg5 Bxe5 19. dxe5 exd6 20. Ne6 Qe7 21. Nxf8
Qxf8 22. Qxd6 Qxd6 23. exd6 Nd7 24. Rc1 Ne5 25. Rc7 Bc8 26. Bd5 Rb8 27. Bxe4 b4
28. axb4 axb4 29. O-O Ba6 30. Rfc1 Rd8 31. Rh7+ Kg8 32. Rxh6 Kg7 33. Re6 Nc4
34. Bd3 b3 35. Bxc4 Bxc4 36. Rxc4 b2 37. Rb4 Ra8 38. Re1 Ra1 39. Kf1 1-0

[Event "Championnat de France des Jeunes - Cadettes"]
[Site "Aix les Bains"]
[Date ""]
[Round "6.1"]
[White "Richard, Emma"]
[Black "Jeannerot, Lea"]
[Result "1-0"]
[WhiteElo "2070"]
[BlackElo "1980"]
[Annotator ""]

1. e4 c6 2. Nf3 d5 3. Nc3 Bg4 4. h3 Bxf3 5. Qxf3 e6 6. a3 Nf6 7. d3 Be7 8. g3
Nbd7 9. Bg2 Qc7 10. O-O O-O 11. Qe2 Bc5 12. Bf4 Bd6 13. Be3 dxe4 14. Nxe4 Nxe4
15. Bxe4 Nf6 16. Bg2 Nd5 17. Bd2 Qb6 18. b4 Qc7 19. c4 Ne7 20. Bc3 Ng6 21. Rfe1
Rad8 22. h4 c5 23. h5 Ne7 24. Be4 Nf5 25. Qf3 g6 26. g4 Nd4 27. Bxd4 cxd4 28.
Bxb7 Rb8 29. Bc6 f5 30. Rxe6 fxg4 31. Qd5 Bh2+ 32. Kh1 Qf7 33. Rf6 Qxd5+ 34.
Bxd5+ Kg7 35. Rxf8 Rxf8 36. Kxh2 Rxf2+ 37. Kg3 Rd2 38. hxg6 Rxd3+ 39. Kxg4 hxg6
40. c5 Rc3 41. Kf4 a5 42. Ke4 axb4 43. axb4 Rh3 44. Kxd4 Rh4+ 45. Be4 1-0

[Event "Championnat de France des Jeunes - Cadet"]
[Site "Aix les Bains"]
[Date "2009.04.23"]
[Round "6.2"]
[White "Genzling, Sylvie"]
[Black "Forgues, Valerie"]
[Result "1-0"]
[WhiteElo "1967"]
[BlackElo "2037"]
[PlyCount "107"]

1. e4 e5 2. d4 exd4 3. Qxd4 Nc6 4. Qe3 Nf6 5. Nc3 Bb4 6. Bd2 O-O 7. O-O-O Re8
8. Qg3 Rxe4 9. a3 Bd6 10. Qh3 Re8 11. g4 Bf8 12. g5 d6 13. Qg2 Nd7 14. f4 Nb6
15. Bd3 Ne7 16. h4 d5 17. Nf3 Bf5 18. Bxf5 Nxf5 19. Ne5 c6 20. h5 Nc4 21. Nxc4
dxc4 22. h6 g6 23. Ne4 Be7 24. Bc3 Qb6 25. Rd7 Kf8 26. Rxe7 Rxe7 27. Nf6 Nd4
28. Nxh7+ Kg8 29. Nf6+ Kh8 30. Ng4 Kh7 31. Nf6+ Kh8 32. Ng4 f6 33. Kb1 f5 34.
Ne5 Kh7 35. Nxc4 Qd8 36. Rd1 c5 37. Ne5 Qb6 38. Nc4 Qc6 39. Qd2 Re2 40. Qd3 Qe4
41. Bxd4 cxd4 42. Qb3 Re1 43. Rxe1 Qxe1+ 44. Ka2 Qe7 45. Ne5 Re8 46. Qa4 Qe6+
47. Kb1 Rd8 48. Qxa7 Qd5 49. Qb6 Qh1+ 50. Ka2 Qd5+ 51. Kb1 Qh1+ 52. Ka2 Qd5+
53. b3 Rd6 54. Qc7+ 1-0

[Event "Championnat de France des Jeunes - Cadet"]
[Site "Aix les Bains"]
[Date "2009.04.23"]
[Round "6.3"]
[White "Hourlier, Claire"]
[Black "Macarry, Elodie"]
[Result "1/2-1/2"]
[WhiteElo "1883"]
[BlackElo "1863"]
[PlyCount "97"]

1. e4 c5 2. Nc3 Nc6 3. f4 e6 4. Nf3 Nge7 5. g3 g6 6. Bg2 Bg7 7. O-O b6 8. d3
Bb7 9. e5 O-O 10. Ne4 d5 11. Nd6 Ba6 12. g4 Nc8 13. Nxc8 Rxc8 14. Re1 Re8 15.
c3 b5 16. Be3 Bf8 17. Bf2 b4 18. d4 bxc3 19. bxc3 Qa5 20. Re3 cxd4 21. cxd4 Bc4
22. f5 exf5 23. gxf5 Bh6 24. fxg6 hxg6 25. Nh4 Bxe3 26. Bxe3 Qc3 27. Bf2 Ne7
28. Be1 Qd3 29. Qg4 Qe3+ 30. Kh1 Be2 31. Bf3 Bxf3+ 32. Nxf3 Qe4 33. Qxe4 dxe4
34. Ng5 e3 35. a3 Nf5 36. Rd1 Rcd8 37. Nf3 Rd5 38. Kg2 Rc8 39. Rd3 Rc2+ 40. Kf1
Kf8 41. Rc3 Rxc3 42. Bxc3 Kg7 43. Ke2 Kh6 44. Kd3 Rd8 45. Ke4 Rc8 46. Bb4 Kh5
47. h3 Kh6 48. Kd3 Kg7 49. d5 1/2-1/2

[Event "Championnat de France des Jeunes - Cadet"]
[Site "Aix les Bains"]
[Date "2009.04.23"]
[Round "6.4"]
[White "Armas, Lara-Maria"]
[Black "Rambourg, Juliette"]
[Result "1-0"]
[WhiteElo "1966"]
[BlackElo "1866"]
[Annotator "Rivier,Sylvain"]
[PlyCount "75"]

1. d4 d5 2. c4 e5 3. cxd5 Qxd5 4. Nf3 e4 5. Nc3 Bb4 6. Ne5 Bxc3+ 7. bxc3 f6 8.
Nd3 exd3 9. Qxd3 Bf5 10. Qg3 Qd7 11. Bf4 Na6 12. f3 Bg6 13. e4 Ne7 14. Rb1 c6
15. Bc4 Rf8 16. O-O b5 17. Be2 f5 18. Rfe1 Rc8 19. a4 Nc7 20. axb5 Nxb5 21. Rb3
Nxc3 22. Rxc3 Qxd4+ 23. Re3 a5 24. Kh1 fxe4 25. fxe4 Qf6 26. Be5 Qf2 27. Bxg7
Qxg3 28. Rxg3 Rf7 29. Bc3 a4 30. Bb4 c5 31. Ba3 Rf6 32. Rc3 Bxe4 33. Bb5+ Bc6
34. Rxc5 Bxb5 35. Rxb5 Kd7 36. Rb8 Kc6 37. Bxe7 Rf2 38. h3 {suite illisible}
1-0

[Event "Championnat de France des Jeunes - Cadet"]
[Site "Aix les Bains"]
[Date "2009.04.23"]
[Round "6.5"]
[White "Vinckier, Delphine"]
[Black "Muller, Marion"]
[Result "0-1"]
[WhiteElo "1817"]
[BlackElo "1896"]
[PlyCount "84"]

1. e4 c6 2. Nf3 d5 3. Nc3 Bg4 4. h3 Bxf3 5. Qxf3 e6 6. d4 Nd7 7. Bd3 g6 8. O-O
Bg7 9. e5 Ne7 10. Ne2 c5 11. c3 Nc6 12. Be3 a6 13. a3 cxd4 14. cxd4 Ncxe5 15.
dxe5 Nxe5 16. Qg3 Nxd3 17. Bg5 f6 18. Bxf6 Qxf6 19. Qxd3 O-O 20. Nc3 Rac8 21.
Rac1 Rc4 22. Nxd5 Qxf2+ 23. Rxf2 Rxc1+ 24. Kh2 Rxf2 25. Qe3 Rcf1 26. Qxe6+ Kh8
27. h4 Rxb2 28. Ne7 Rf8 29. Nd5 Rb5 30. a4 Ra5 31. Qd7 Rc5 32. Qd6 Rc4 33. g3
Rxa4 34. Nc7 Ra2+ 35. Kh3 Raf2 36. Qd5 R2f5 37. Qxb7 Be5 38. Ne6 Rf3 39. h5
Rxg3+ 40. Kh4 g5+ 41. Nxg5 Rf4+ 42. Kxg3 Rb4+ 0-1

[Event "Championnat de France des Jeunes - Cadet"]
[Site "Aix les Bains"]
[Date "2009.04.23"]
[Round "6.6"]
[White "Rascle, Adeline"]
[Black "Garma, Jovanka"]
[Result "0-1"]
[WhiteElo "1620"]
[BlackElo "1747"]
[PlyCount "82"]

1. e4 c5 2. Nf3 d6 3. Nc3 Nc6 4. d4 cxd4 5. Nxd4 a6 6. Bc4 Nf6 7. Bb3 Na5 8.
Be3 Nxb3 9. Nxb3 e6 10. O-O b5 11. a3 Bb7 12. Qd3 Be7 13. Rad1 O-O 14. Bg5 Rc8
15. Rfe1 Qc7 16. Bf4 Rfd8 17. Qe2 Qc4 18. Qe3 Qc7 19. Rd3 Ng4 20. Qg3 Ne5 21.
Bxe5 dxe5 22. Red1 Rxd3 23. Qxd3 Rd8 24. Qe2 Rxd1+ 25. Qxd1 h6 26. h3 Bc6 27.
Qe1 a5 28. Na2 Bd8 29. Nac1 f5 30. f3 Qb6+ 31. Qf2 Qxf2+ 32. Kxf2 fxe4 33. fxe4
Bxe4 34. Nd3 Bb6+ 35. Kg3 Bxd3 36. cxd3 a4 37. Nd2 Bd4 38. b3 Bc3 39. Ne4 Be1+
40. Kf3 axb3 41. Ke2 b2 0-1

[Event "Championnat de France des Jeunes - Cadet"]
[Site "Aix les Bains"]
[Date "2009.04.23"]
[Round "6.7"]
[White "Christophe, Lucie"]
[Black "Dubois, Emmanuelle"]
[Result "1/2-1/2"]
[WhiteElo "1779"]
[BlackElo "1757"]
[PlyCount "55"]

1. d4 d5 2. Bf4 Bf5 3. Nf3 Nf6 4. c3 Nbd7 5. Qb3 Qc8 6. e3 e6 7. Nbd2 a6 8. h3
c5 9. Nh4 Be4 10. f3 Bg6 11. Nxg6 hxg6 12. Be2 Be7 13. Bg3 Nh5 14. Bh2 Bh4+ 15.
Kd1 Ng3 16. Rg1 Nf5 17. Nf1 Bf2 18. Rh1 Nxe3+ 19. Nxe3 Bxe3 20. dxc5 Nxc5 21.
Qc2 Qd8 22. Re1 d4 23. Bd3 g5 24. Ke2 Rc8 25. Rad1 Nxd3 26. Rxd3 Qf6 27. Qa4+
Rc6 28. cxd4 1/2-1/2

[Event "Championnat de France des Jeunes - Cadet"]
[Site "Aix les Bains"]
[Date "2009.04.23"]
[Round "6.8"]
[White "Durot, Edwige"]
[Black "Anamba-Onana, Marie-Therese"]
[Result "1/2-1/2"]
[WhiteElo "1764"]
[BlackElo "1540"]
[PlyCount "130"]

1. e4 e5 2. Nf3 Nc6 3. Bc4 Nf6 4. d3 d5 5. exd5 Nxd5 6. O-O Bg4 7. c3 Be7 8. h3
Bh5 9. Re1 Qd6 10. Qe2 f6 11. Qe4 Bf7 12. d4 exd4 13. Nxd4 Nxd4 14. Qxd4 O-O
15. Bxd5 Bxd5 16. Bf4 Qc5 17. Qxc5 Bxc5 18. Bxc7 Rfe8 19. Rd1 Bc6 20. Nd2 Rac8
21. Bg3 Re2 22. Nb3 Ba4 23. Rab1 Bb6 24. Re1 Rce8 25. Rxe2 Rxe2 26. Kf1 Bb5 27.
Kg1 Bc4 28. h4 h5 29. Nd4 Rd2 30. b3 Bd3 31. Rc1 Rxa2 32. Rd1 Be4 33. f3 Bd5
34. b4 Ra3 35. Be1 Ra2 36. Rd2 Ra1 37. Kf2 Rc1 38. Re2 Kf7 39. g3 Bc4 40. Re4
Rc2+ 41. Kg1 Bb5 42. Kh1 Bxd4 43. cxd4 Bc6 44. Re3 Bd5 45. Kg1 b6 46. Rc3 Re2
47. Kf1 Re7 48. Kf2 a5 49. bxa5 bxa5 50. Ra3 Rc7 51. Rxa5 Rd7 52. Ke3 g6 53.
Bb4 Ke6 54. Ra6+ Kf7 55. Bc5 Rc7 56. Ra7 Rxa7 57. Bxa7 Ke6 58. Kf4 Kf7 59. g4
Ke6 60. gxh5 gxh5 61. Bb6 Bc6 62. Bd8 Bd5 63. Bb6 Bc6 64. Bc5 Bd5 65. Ba7 Bb7
1/2-1/2

[Event "Championnat de France des Jeunes - Cadet"]
[Site "Aix les Bains"]
[Date "2009.04.23"]
[Round "6.9"]
[White "Bruckert, Emma"]
[Black "Hedouin, Priscillia"]
[Result "0-1"]
[WhiteElo "1380"]
[BlackElo "1640"]
[PlyCount "80"]

1. e4 e6 2. d4 d5 3. exd5 exd5 4. c4 c6 5. Nf3 Bd6 6. Nc3 Nf6 7. Bg5 Be7 8.
cxd5 Nxd5 9. Bxe7 Qxe7+ 10. Qe2 Qxe2+ 11. Bxe2 Be6 12. O-O Nd7 13. Rfe1 O-O 14.
Bd3 Nb4 15. Be4 Nf6 16. Rac1 Nxe4 17. Rxe4 Bf5 18. Re7 Rab8 19. Rce1 Be6 20.
Ng5 Rfe8 21. Rxe8+ Rxe8 22. Nxe6 Rxe6 23. Rxe6 fxe6 24. f4 Kf7 25. Kf2 Nd3+ 26.
Kf3 Nxb2 27. Ne4 Ke7 28. Kg4 Nd3 29. f5 exf5+ 30. Kxf5 b5 31. Nc5 Nxc5 32. dxc5
a5 33. Ke5 b4 34. Kd4 Ke6 35. Kc4 Ke5 36. Kb3 Kd5 37. Ka4 Kxc5 38. Kxa5 Kc4 39.
Ka4 c5 40. h4 Kc3 0-1

[Event "Championnat de France des Jeunes - Cadet"]
[Site "Aix les Bains"]
[Date "2009.04.23"]
[Round "6.10"]
[White "Dauchart, Elaine"]
[Black "Jolly, Marie"]
[Result "1/2-1/2"]
[WhiteElo "1650"]
[BlackElo "1738"]
[PlyCount "121"]

1. e4 e6 2. d4 d5 3. exd5 exd5 4. Nf3 Bd6 5. Nc3 c6 6. Be2 Bf5 7. O-O Nf6 8.
Bg5 Nbd7 9. Re1 O-O 10. Bd3 Bg4 11. h3 Bh5 12. Be2 Qc7 13. Qd2 Rfe8 14. Be3 Re7
15. Nh4 Rae8 16. Nf5 Re6 17. Nxd6 Qxd6 18. Bxh5 Nxh5 19. Re2 f5 20. f4 Ng3 21.
Ree1 Nf6 22. Bf2 Nge4 23. Nxe4 fxe4 24. Be3 Rf8 25. g4 Nd7 26. Rf1 Ref6 27. Kg2
Nb6 28. b3 Nc8 29. a3 Ne7 30. Qb4 Qxb4 31. axb4 a6 32. c4 Ng6 33. Kg3 Ne7 34.
c5 Rg6 35. Kh4 Rgf6 36. Kg3 Kf7 37. Kh4 h6 38. Kg3 Ke6 39. Rae1 Kd7 40. Rc1 Kc7
41. Ra1 Ng6 42. Rf2 Rb8 43. Ra3 Nf8 44. Raa2 Ne6 45. Rfb2 Rbf8 46. Rf2 b6 47.
Rxa6 bxc5 48. bxc5 Rb8 49. Rb2 Rb4 50. Ra4 Rxa4 51. bxa4 Rf8 52. Rb4 Ra8 53.
Kh4 Kd7 54. Kh5 Ke7 55. Kg6 Kf8 56. Kf5 Nd8 57. Ke5 Ke7 58. Kf5 Kf7 59. Ke5 Ke7
60. Kf5 Kf7 61. Ke5 1/2-1/2

[Event "Championnat de France des Jeunes - Cadet"]
[Site "Aix les Bains"]
[Date "2009.04.23"]
[Round "6.11"]
[White "Gudefin, Marine"]
[Black "Argente, Lucie"]
[Result "1-0"]
[WhiteElo "1399"]
[BlackElo "1400"]
[PlyCount "133"]

1. e4 Nf6 2. e5 Nd5 3. Bc4 e6 4. Nf3 Be7 5. O-O O-O 6. d4 Nb6 7. Bd3 d5 8. Qd2
c5 9. dxc5 Bxc5 10. Ng5 h6 11. Nf3 Nc6 12. c3 Qc7 13. Re1 Nd7 14. Qf4 b6 15.
Qg3 Kh8 16. Bf4 Be7 17. Qh3 Kg8 18. Bxh6 gxh6 19. Qxh6 f5 20. Qxe6+ Rf7 21.
Bxf5 Nf8 22. Qxd5 Bxf5 23. e6 Rf6 24. Qd2 Rg6 25. c4 Bh3 26. g3 Bxe6 27. Qc3
Bb4 28. Qe3 Bxe1 29. Qxe1 Re8 30. Nbd2 Re7 31. Ne4 Bxc4 32. Nf6+ Kf7 33. Ne4
Bd5 34. Nfg5+ Kg7 35. Qc3+ Qe5 36. f4 Qxc3 37. Nxc3 Bf7 38. Rc1 Rd6 39. b4 Nxb4
40. Rf1 Bxa2 41. f5 Kf6 42. Nge4+ Rxe4 43. Nxe4+ Ke5 44. Nxd6 Kxd6 45. Rd1+ Ke5
46. Rf1 Kf6 47. g4 a5 48. h3 a4 49. h4 Nh7 50. h5 Kg5 51. Re1 Kxg4 52. Re4+
Kxf5 53. Rxb4 Bb3 54. Rxb6 Kg5 55. h6 a3 56. Rxb3 a2 57. Ra3 Kxh6 58. Rxa2 Ng5
59. Kg2 Ne4 60. Kf3 Nc3 61. Ra3 Nd5 62. Ke4 Nb4 63. Rh3+ Kg6 64. Kf4 Nd5+ 65.
Ke5 Nf6 66. Rd3 Kf7 67. Rf3 1-0

[Event "Championnat de France des Jeunes - Minimes"]
[Site "Aix-les-Bains"]
[Date ""]
[Round "6.1"]
[White "Nguyen, Vincent"]
[Black "Sochacki, Christophe"]
[Result "*"]
[WhiteElo "2058"]
[BlackElo "2250"]
[Annotator ""]

1. e4 c5 2. Nc3 e6 3. f4 d5 4. e5 Nc6 5. Nf3 h5 6. Be2 Nh6 7. O-O h4 8. d3 Nf5
9. Nb1 b5 10. c4 Qb6 11. Na3 Bb7 12. Nxb5 O-O-O 13. Na3 Be7 14. b3 f6 15. Nc2
d4 16. Qe1 Rdg8 17. Rb1 Qc7 18. a3 h3 19. g3 g5 20. exf6 gxf4 21. Bxf4 Qxf4 22.
Nfxd4 Rxg3+ 23. Qxg3 Qxg3+ 24. hxg3 Ncxd4 25. Nxd4 Nxd4 26. Kh2 Bxf6 27. Rxf6
Nxe2 28. Rbf1 Kc7 29. g4 Bg2 30. R1f2 Nd4 31. g5 Rh5 32. g6 Rg5 33. b4 Kb6 34.
R2f4 Kc6 35. Rf2 a6 36. R2f4 Kd6 37. Rf2 cxb4 38. axb4 Ke5 39. c5 Nf5 40. Rf7
Rxg6 41. c6 Bxc6 42. Kxh3 Rg3+ 43. Kh2 Rxd3 44. Re2+ Kd6 45. Rf8 Nd4 46. Ra2
Bb5 47. Rb2 Nc6 48. Rf4 e5 49. Rg4 Kd5 50. Kg2 Rd4 51. Rg7 Nxb4 52. Kf3 e4+ 53.
Ke3 Rd3+ 54. Kf2 e3+ 55. Ke1 Rd4 56. Rg5+ Kc4 57. Rb1 Kc3 58. Rg2 Nd3+ 0-1

[Event "Championnat de France des Jeunes - Minim"]
[Site "Aix-les-Bains"]
[Date "2009.??.??"]
[Round "6.2"]
[White "Ider, Borya"]
[Black "Samoun, Florent"]
[Result "1-0"]
[WhiteElo "2176"]
[BlackElo "2045"]
[PlyCount "63"]
[EventDate "2009.??.??"]

1. d4 d5 2. Nf3 Nf6 3. c4 e6 4. g3 c6 5. Bg2 Be7 6. O-O O-O 7. Qc2 b6 8. Nbd2
Bb7 9. e4 dxe4 10. Nxe4 Nxe4 11. Qxe4 Nd7 12. Rd1 Nf6 13. Qc2 Qc7 14. c5 Nd5
15. Bg5 Rad8 16. Bxe7 Qxe7 17. a3 Qf6 18. Re1 Ne7 19. Rad1 Nf5 20. b4 Nxd4 21.
Nxd4 Rxd4 22. Rxd4 Qxd4 23. Rd1 Qf6 24. b5 Rc8 25. Qd3 Qe7 26. Qd7 Kf8 27. bxc6
Ba6 28. Qxe7+ Kxe7 29. Rd7+ Kf6 30. Rxa7 Bb5 31. cxb6 Bxc6 32. Rc7 1-0

[Event "Championnat de France des Jeunes - Minim"]
[Site "Aix-les-Bains"]
[Date "2009.??.??"]
[Round "6.3"]
[White "Di Nicolantonio, Lucas"]
[Black "Manoeuvre, Antoine"]
[Result "1/2-1/2"]
[WhiteElo "2064"]
[BlackElo "2150"]
[PlyCount "79"]

1. e4 e6 2. d4 d5 3. Nd2 Nc6 4. Ngf3 Nf6 5. e5 Nd7 6. Be2 f6 7. exf6 Qxf6 8.
Nf1 Bd6 9. Ne3 O-O 10. O-O b6 11. c4 Ne7 12. b3 Bb7 13. Bb2 Nf5 14. Nxf5 exf5
15. cxd5 a6 16. Re1 Rae8 17. Qd2 Kh8 18. Ng5 Qh6 19. f4 Bxd5 20. Bc4 Be4 21. g3
Qg6 22. Bxa6 Nf6 23. Nxe4 fxe4 24. Qg2 Qf5 25. a4 Bb4 26. Re2 Qd5 27. Bc4 Qd6
28. Rd1 c6 29. h3 Qd7 30. Rc2 b5 31. axb5 cxb5 32. Bf1 Nd5 33. Qe2 Qd6 34. Bg2
Qg6 35. Kh2 Bd6 36. Rf1 Nb4 37. Rd2 Nd5 38. Rc2 Nb4 39. Rd2 Nd5 40. Rc2 1/2-1/2

[Event "Championnat de France des Jeunes - Minim"]
[Site "Aix-les-Bains"]
[Date "2009.??.??"]
[Round "6.4"]
[White "Netzer, Jacques"]
[Black "Muheim, Sebastien"]
[Result "1/2-1/2"]
[WhiteElo "2139"]
[BlackElo "2031"]
[PlyCount "43"]

1. Nf3 f5 2. d3 d6 3. e4 Nf6 4. e5 dxe5 5. Nxe5 Nbd7 6. Nxd7 Bxd7 7. Bf4 e6 8.
d4 Bc6 9. Nc3 Qd7 10. f3 O-O-O 11. Bc4 Bb4 12. Be5 Nd5 13. Qd3 Nxc3 14. bxc3
Bd6 15. Qe2 Bxe5 16. Qxe5 Bd5 17. Bb3 Qc6 18. Qe3 Rhe8 19. O-O a5 20. a4 Bxb3
21. cxb3 Qb6 22. Rab1 1/2-1/2

[Event "Championnat de France des Jeunes - Minim"]
[Site "Aix-les-Bains"]
[Date "2009.??.??"]
[Round "6.5"]
[White "Divine, Armand"]
[Black "Fevre, Mathieu"]
[Result "1-0"]
[WhiteElo "2018"]
[BlackElo "2065"]
[PlyCount "81"]

1. e4 c5 2. Nf3 e6 3. d4 cxd4 4. Nxd4 Qb6 5. Nc3 Bc5 6. Be3 Nc6 7. Ndb5 Bxe3 8.
fxe3 Qxe3+ 9. Be2 Kf8 10. Qd6+ Nge7 11. Rf1 f6 12. Rd1 a6 13. Nc7 Rb8 14. N7d5
exd5 15. Nxd5 Qxe4 16. Nxf6 Qb4+ 17. Qxb4 Nxb4 18. Nd5+ Ke8 19. Nxb4 Rf8 20.
Bf3 b5 21. Rf2 Rb6 22. Re2 Re6 23. Rxe6 dxe6 24. Rd6 a5 25. Nc6 Nxc6 26. Rxc6
Kd7 27. Rc5 Ba6 28. a4 Rb8 29. axb5 Bxb5 30. c4 Ba6 31. Rxa5 Bxc4 32. Ra7+ Kd6
33. Rxg7 Rxb2 34. Rxh7 Bd5 35. Bxd5 exd5 36. Rg7 Ke6 37. h4 Kf6 38. Rg8 d4 39.
h5 Ra2 40. h6 Kf7 41. h7 1-0

[Event "Championnat de France des Jeunes - Minim"]
[Site "Aix-les-Bains"]
[Date "2009.??.??"]
[Round "6.6"]
[White "Song, Julien"]
[Black "Ollier, Milan"]
[Result "1-0"]
[WhiteElo "2318"]
[BlackElo "1991"]
[PlyCount "87"]

1. d4 Nf6 2. c4 g6 3. Nc3 d5 4. Nf3 Bg7 5. Bg5 Ne4 6. Bh4 Nxc3 7. bxc3 dxc4 8.
e3 b5 9. a4 c6 10. Be2 Bb7 11. Qb1 Qb6 12. O-O Nd7 13. Qb4 Bf6 14. Bxf6 Nxf6
15. Rfb1 Nd5 16. Qa3 a6 17. Bxc4 Qd8 18. Ne5 O-O 19. Bxd5 Qxd5 20. Qxe7 c5 21.
f3 Rae8 22. Qc7 Rc8 23. Qd7 cxd4 24. cxd4 Rfd8 25. Qxd5 Rxd5 26. axb5 Rxb5 27.
Rxb5 axb5 28. Rb1 Ba6 29. Nd7 Ra8 30. Nc5 f6 31. Nxa6 Rxa6 32. Rxb5 h5 33. Kf2
Ra2+ 34. Kg3 Rd2 35. Rb7 g5 36. Rd7 Kf8 37. e4 Ke8 38. Rd5 Kf7 39. h4 gxh4+ 40.
Kxh4 Rxg2 41. Kxh5 Ke6 42. Rf5 Rg1 43. d5+ Ke7 44. Rf4 1-0